[Event "AUTO-OPEN-2184"]
[Site "http://www.queenalice.com/game.php?id=866519"]
[Date "2010.12.2"]
[Round "1"]
[White "CapivaraN1"]
[Black "gmvilela"]
[Result "0-1"]
[WhiteElo "1359"]
[BlackElo "2176"]

1. d4 d5 2. c4 c6 3. Nc3 Nf6 4. Bg5 dxc4 5. e3 b5 6. a4 b4 7. Na2 b3 8. Nc3 Ba6
9. Nf3 Qa5 10. Nd2 Qxg5 0-1

[Event "AUTO-OPEN-2184"]
[Site "http://www.queenalice.com/game.php?id=866520"]
[Date "2010.12.2"]
[Round "1"]
[White "gmvilela"]
[Black "CapivaraN1"]
[Result "1-0"]
[WhiteElo "2124"]
[BlackElo "1393"]

1. e4 c5 2. Nc3 d6 3. g3 Nc6 4. Bg2 Rb8 5. f4 Nf6 6. Nf3 b5 7. d3 b4 8. Ne2 Bg4
9. h3 Bd7 10. O-O e5 11. g4 exf4 12. Bxf4 a5 13. e5 Nd5 14. exd6 Nxf4 15. Nxf4
Bxd6 16. Re1+ Ne7 17. Nd5 O-O 18. Ne3 1-0

[Event "AUTO-INT-1888"]
[Site "http://www.queenalice.com/game.php?id=866592"]
[Date "2010.12.2"]
[Round "1"]
[White "callmitnick"]
[Black "CapivaraN1"]
[Result "0-1"]
[WhiteElo "1633"]
[BlackElo "1415"]

1. d4 Nf6 2. Nc3 d5 3. Nf3 g6 4. Bg5 Bg7 5. e3 Nbd7 6. Bb5 c6 7. Ba4 b5 8. Bb3
a5 9. a3 O-O 10. O-O a4 11. Ba2 Qb6 12. h3 e6 13. Re1 c5 14. dxc5 Nxc5 15. Qe2
Nfe4 16. Nxe4 Nxe4 17. Bf4 Bxb2 18. Rab1 Nc3 19. Qd2 Nxb1 20. Rxb1 Bxa3 21. Bh6
Rd8 22. Qc3 Bf8 23. Bg5 Rd7 24. Ne5 Rc7 25. Qd3 Ba6 26. Qe2 b4 27. Qd2 Rac8 28.
Rxb4 Qxb4 29. Qxb4 Bxb4 0-1

[Event "AUTO-INT-1888"]
[Site "http://www.queenalice.com/game.php?id=866593"]
[Date "2010.12.2"]
[Round "1"]
[White "CapivaraN1"]
[Black "callmitnick"]
[Result "1/2-1/2"]
[WhiteElo "1382"]
[BlackElo "1643"]

1. d4 d5 2. c4 Nc6 3. Nc3 dxc4 4. d5 Na5 5. Qa4+ c6 6. dxc6 Nxc6 7. Bf4 Bd7 8.
Qxc4 e6 9. Nf3 Nf6 10. e4 Bb4 11. a3 Ba5 12. Be2 O-O 13. O-O Bxc3 14. Qxc3 Rc8
15. e5 Nd5 16. Qd2 Nxf4 17. Qxf4 Qe7 18. Nd4 Nxd4 19. Qxd4 a6 20. Bf3 Bc6 21.
Qe3 1/2-1/2

[Event "AUTO-INT-1888"]
[Site "http://www.queenalice.com/game.php?id=866611"]
[Date "2010.12.2"]
[Round "1"]
[White "ricardo10"]
[Black "CapivaraN1"]
[Result "1-0"]
[WhiteElo "1804"]
[BlackElo "1391"]

1. e4 c5 2. Nc3 Nc6 3. g3 Rb8 4. Bg2 b5 5. d3 Nf6 6. Nge2 d6 7. a3 a5 8. e5 Nxe5
9. Nf4 b4 10. axb4 axb4 11. Ncd5 e6 12. Nxf6+ Qxf6 13. Nh3 Be7 14. Bg5 Qf5 15.
Bxe7 Kxe7 16. Ra7+ Bd7 17. O-O Rhc8 18. b3 1-0

[Event "AUTO-INT-1888"]
[Site "http://www.queenalice.com/game.php?id=866612"]
[Date "2010.12.2"]
[Round "1"]
[White "CapivaraN1"]
[Black "drglaucoprado"]
[Result "1-0"]
[WhiteElo "1357"]
[BlackElo "1608"]

1. d4 d5 2. c4 dxc4 3. e4 b5 4. Nc3 Bd7 5. a4 bxa4 6. Bxc4 Nf6 7. e5 Ng4 8. h3
Nh6 9. Bxh6 gxh6 10. Qh5 e6 11. f4 Nc6 12. f5 Nxd4 13. fxe6 Bxe6 14. Bxe6 Nxe6
15. Nf3 Qd3 16. Rd1 Qc2 17. O-O Qxb2 18. Nd4 Kd8 19. Nxe6+ Kc8 20. Rd8+ Kb7 21.
Qf3+ c6 22. Rd7+ Kb6 23. Nxa4+ Ka6 24. Nxb2 Rc8 25. Ra1+ Kb6 26. Qb3+ Bb4 27.
Qxb4# 1-0

[Event "AUTO-INT-1888"]
[Site "http://www.queenalice.com/game.php?id=866613"]
[Date "2010.12.2"]
[Round "1"]
[White "drglaucoprado"]
[Black "CapivaraN1"]
[Result "0-1"]
[WhiteElo "1571"]
[BlackElo "1392"]

1. e4 c5 2. b3 Nc6 3. Bb2 d6 4. f4 Nf6 5. e5 Nd5 6. Bb5 Bd7 7. Qf3 e6 8. Nc3
Ndb4 9. O-O-O dxe5 10. fxe5 Nxe5 11. Qxb7 Rb8 12. Qxa7 Bxb5 13. a4 Nec6 14. Qxb8
Qxb8 15. axb5 Na7 16. Ba3 Nxb5 17. d4 Nxc3 18. Rd2 Nba2+ 19. Kb2 cxd4 20. Rf2
Nd1+ 21. Kxa2 Nxf2 22. Bxf8 Rxf8 23. Nf3 Nxh1 24. Nxd4 Qa7+ 25. Kb2 Qxd4+ 26. c3
Qd2+ 27. Ka3 Kd7 28. Kb4 Kd6 29. Kc4 Rc8+ 30. Kb4 Qxc3+ 31. Ka4 Ra8+ 32. Kb5
Qc5# 0-1

[Event "Desafio !"]
[Site "http://www.queenalice.com/game.php?id=872953"]
[Date "2010.12.17"]
[Round "-"]
[White "CapivaraN1"]
[Black "vitorhugo69"]
[Result "0-1"]
[WhiteElo "1367"]
[BlackElo "1624"]

1. d4 d5 2. c4 dxc4 3. e4 Nc6 4. Be3 e6 5. Nc3 Bb4 6. a3 Bxc3+ 7. bxc3 Nf6 8.
Qc2 O-O 9. Bxc4 a6 10. a4 e5 11. Nf3 exd4 12. cxd4 Nb4 13. Qb1 a5 14. O-O Qe8
15. Nd2 b6 16. Rc1 Be6 17. d5 Bg4 18. f3 Bh5 19. Bb5 Qe7 0-1

[Event "DESAFIO!"]
[Site "http://www.queenalice.com/game.php?id=926256"]
[Date "2011.4.15"]
[Round "-"]
[White "Dharis"]
[Black "CapivaraN1"]
[Result "1-0"]
[WhiteElo "1509"]
[BlackElo "1347"]

1. e4 c5 2. Nf3 d6 3. Bb5+ Nd7 4. d4 g6 5. O-O Bg7 6. c3 a6 7. Bc4 b5 8. Bxf7+
Kxf7 9. Ng5+ Ke8 10. Ne6 Qb6 11. Nxg7+ Kf7 12. Nh5 gxh5 13. Qxh5+ Kf8 14. e5
dxe5 15. Qf3+ Kg7 16. Qxa8 Bb7 17. Qe8 1-0

[Event "Challenge the world!!!"]
[Site "http://www.queenalice.com/game.php?id=929179"]
[Date "2011.4.23"]
[Round "-"]
[White "CapivaraN1"]
[Black "spawnwolfwolverine"]
[Result "0-1"]
[WhiteElo "1440"]
[BlackElo "1602"]

1. d4 d5 2. c4 dxc4 3. e4 b5 4. a4 c6 5. axb5 cxb5 6. Nc3 Bd7 7. b3 a6 8. bxc4
Qb6 9. Nd5 Qb7 10. cxb5 Bxb5 11. Qb3 e6 12. Nc3 Nd7 13. Bxb5 axb5 14. Rxa8+ Qxa8
15. Nge2 Qa5 16. Qxb5 Qxb5 17. Nxb5 Bb4+ 18. Bd2 Bxd2+ 19. Kxd2 Ngf6 20. Ra1 Ke7
0-1

[Event "AUTO-INT-2013"]
[Site "http://www.queenalice.com/game.php?id=929307"]
[Date "2011.4.23"]
[Round "1"]
[White "ulisses67"]
[Black "CapivaraN1"]
[Result "1-0"]
[WhiteElo "1267"]
[BlackElo "1415"]

1. Nf3 d5 2. e3 c5 3. d4 e6 4. Na3 cxd4 5. Qxd4 a6 6. e4 Nc6 7. Qd1 Nf6 8. exd5
Nxd5 9. Nc4 Qc7 10. Ng5 Bc5 11. Qf3 1-0

[Event "AUTO-INT-2013"]
[Site "http://www.queenalice.com/game.php?id=929308"]
[Date "2011.4.23"]
[Round "1"]
[White "CapivaraN1"]
[Black "ulisses67"]
[Result "0-1"]
[WhiteElo "1366"]
[BlackElo "1289"]

1. d4 Nc6 2. c4 e6 3. Nf3 Bb4+ 4. Bd2 d5 5. e3 dxc4 6. Bxc4 a5 7. a3 Bxd2+ 8.
Nbxd2 Nf6 9. O-O Qd6 10. Ng5 h6 11. Nge4 Nxe4 12. Nxe4 Qe7 0-1

[Event "AUTO-INT-2013"]
[Site "http://www.queenalice.com/game.php?id=929321"]
[Date "2011.4.23"]
[Round "1"]
[White "KAXY"]
[Black "CapivaraN1"]
[Result "1-0"]
[WhiteElo "1704"]
[BlackElo "1422"]

1. d4 d5 2. e3 Nf6 3. Ne2 Bg4 4. f3 Bf5 5. Nbc3 Nbd7 6. Ng3 Bg6 7. Bd3 c5 8.
Bxg6 hxg6 9. dxc5 e6 10. b4 Qc7 11. Nb5 Qe5 12. c3 Rxh2 13. Kf2 Rxh1 14. Qxh1
1-0

[Event "AUTO-INT-2013"]
[Site "http://www.queenalice.com/game.php?id=929322"]
[Date "2011.4.23"]
[Round "1"]
[White "CapivaraN1"]
[Black "KAXY"]
[Result "0-1"]
[WhiteElo "1427"]
[BlackElo "1699"]

1. d4 d5 2. c4 dxc4 3. e4 b5 4. a4 c6 5. axb5 cxb5 6. Nf3 Bg4 7. b3 e5 8. d5
Bb4+ 9. Bd2 Bxf3 10. Qxf3 Bxd2+ 11. Nxd2 cxb3 12. Bxb5+ Nd7 13. Qxb3 Nf6 14. O-O
O-O 15. Rfb1 Nc5 0-1

[Event "AUTO-INT-2013"]
[Site "http://www.queenalice.com/game.php?id=929331"]
[Date "2011.4.23"]
[Round "1"]
[White "CapivaraN1"]
[Black "pablin"]
[Result "0-1"]
[WhiteElo "1417"]
[BlackElo "1765"]

1. d4 Nf6 2. c4 c6 3. c5 b6 4. b4 bxc5 5. bxc5 d6 6. cxd6 exd6 7. Nf3 Be7 8. e3
O-O 9. Be2 c5 10. O-O cxd4 11. Nxd4 d5 12. Nc3 Bb4 13. Bb2 Re8 14. Rc1 a6 15.
Qb3 Bxc3 16. Rxc3 Ne4 17. Rc2 Nd7 0-1

[Event "AUTO-INT-2013"]
[Site "http://www.queenalice.com/game.php?id=929332"]
[Date "2011.4.23"]
[Round "1"]
[White "pablin"]
[Black "CapivaraN1"]
[Result "1-0"]
[WhiteElo "1756"]
[BlackElo "1430"]

1. e4 c5 2. Nf3 d6 3. Nc3 Nf6 4. Bc4 a6 5. O-O b5 6. Bd5 Nxd5 7. exd5 g6 8. d3
Bg7 9. Re1 Bb7 10. a3 Nd7 11. Bg5 f6 12. Bf4 Qc7 13. Qe2 Nb6 14. Qe6 Kf8 15. d4
Bc8 16. Qe2 Bg4 17. h3 Bxf3 18. Qxf3 cxd4 19. Ne2 f5 20. Nxd4 Bxd4 21. Bg5 1-0